Les 30 meilleurs slalomeurs en 2024 - Statistiques

Statistiques générales
  • Ce quiz a été pris 24 fois
  • Le résultat moyen est 14 sur 30
Statistiques - réponses
Nationalité Réponse % Correct
France Noel
100%
Autriche Feller
83%
Norvège Kristoffersen
78%
Norvège McGrath
67%
Suisse Meillard
67%
Allemagne Strasser
67%
Bulgarie Popov
61%
France Amiez
56%
Grèce Ginnis
56%
Norvège Haugan
56%
Grande-Bretagne Ryding
56%
Italie Vinatzer
50%
Suède Jakobsen
44%
Suisse Nef
44%
Autriche Schwarz
44%
Suisse Yule
44%
Suisse Aerni
39%
Autriche Gstrein
39%
Autriche Matt
39%
Suisse Rochat
39%
Croatie Kolega
33%
Norvège Steen Olsen
33%
Suisse Zenhausern
33%
Italie Sala
28%
Allemagne Holzmann
22%
Grande-Bretagne Major
22%
Autriche Raschner
22%
Croatie Rodes
22%
Italie Kastlunger
11%
Autriche Strolz
11%
Aucun quiz correspondant
Distribution des résultats
% des personnes avec chaque résultat
Percentile par nombre de réponses
Votre historique - résultats
Vous n’avez pas pris ce quiz